000 00599cab a2200217 4500
001 E1995
008 090401t1994 xxu||||| |||| 00| 0 eng d
035 _a(Sirsi) u36821
041 _aeng
100 _aSleith, I.
245 _aThere`s barytes in them thar hills!
260 _c1994
350 _a0
490 _aScottish Planner
_vNo.37 February 1994, 6-7(2)
520 _aExplains why mineral working in scenic locations is a classic planning dilemma.
650 _aBARYTES MINING
650 _aMINERALS PLANNING
690 _aMINING AND MINERALS
942 _n0
948 _c04/03/1997
999 _c23828
_d23828